000 00343pab a2200145 454500
008 180718b1989 xxu||||| |||| 00| 0 eng d
100 _aRoy Burman, B.K.
245 _aTechnology transfer to tribal areas
260 _c1989
300 _a23-7
362 _a29 Jul.
650 _aTechnology Transfer
773 _aMainstream
909 _a19796
999 _c19796
_d19796